[Event "Deizisau Autumn op 17th"]
[Site "Deizisau"]
[Date "2023.10.28"]
[Round "3"]
[White "Neyman, Igor"]
[Black "Wadiei, Soroush"]
[Result "1-0"]
[WhiteElo "2324"]
[BlackElo "1897"]
[PlyCount "47"]
[EventDate "2023.10.27"]
[EventType "swiss"]
[EventRounds "7"]
[EventCountry "GER"]
[SourceTitle "Mega2024 Update 01"]
[Source "Chessbase"]
[SourceDate "2023.11.12"]
[SourceVersion "1"]
[SourceVersionDate "2023.11.12"]
[SourceQuality "1"]

1. d4 Nf6 2. c4 e6 3. Nc3 c5 4. d5 exd5 5. cxd5 d6 6. e4 g6 7. Bd3 Bg7 8. h3 0-0 9. Nf3 c4 10. Bc2 b5 11. a3 Nbd7 12. 0-0 Nc5 13. Re1 a6 14. Bf4 Nh5 15. Bg5 f6 16. Be3 Nd7 17. Nd4 Ne5 18. f4 Nd3 19. Bxd3 cxd3 20. f5 Ng3 21. Qxd3 gxf5 22. exf5 Re8 23. Bf2 Nh5 24. Qf3 1-0

[Event "GER-ch Blitz"]
[Site "Viernheim"]
[Date "2023.07.15"]
[Round "25"]
[White "Lenz, Jonas"]
[Black "Neyman, Igor"]
[Result "0-1"]
[WhiteElo "2138"]
[BlackElo "2316"]
[PlyCount "82"]
[EventDate "2023.07.15"]
[EventType "tourn (blitz)"]
[EventRounds "29"]
[EventCountry "GER"]
[SourceTitle "CBM 215 Extra"]
[Source "ChessBase"]
[SourceDate "2023.09.30"]
[SourceVersion "1"]
[SourceVersionDate "2023.09.30"]
[SourceQuality "1"]

1. d4 d5 2. c4 e6 3. Nf3 c6 4. Qc2 Bd6 5. Nc3 f5 6. g3 Nf6 7. Bg2 0-0 8. 0-0 Bd7 9. Rb1 Be8 10. b4 a6 11. a4 dxc4 12. e4 fxe4 13. Nxe4 Bg6 14. Nh4 Bxe4 15. Bxe4 Nxe4 16. Qxe4 Qf6 17. Bg5 Qf7 18. Ng2 Nd7 19. b5 axb5 20. axb5 Rac8 21. bxc6 bxc6 22. Qe2 e5 23. dxe5 Nxe5 24. Kh1 Nd3 25. Be3 Qd5 26. Kg1 h6 27. Qg4 Ne5 28. Qe2 Rb8 29. Rbd1 Nd3 30. Qg4 Kh8 31. Nh4 Rf6 32. Ng6+ Kh7 33. Nf4 Bxf4 34. Bxf4 Rb2 35. Be3 h5 36. Qh4 Kg6 37. Qh3 Re2 38. Qc8 Qf3 39. Qe8+ Kh7 40. h4 Rg6 41. Qb8 Rxe3 0-1

[Event "GER-ch Blitz"]
[Site "Viernheim"]
[Date "2023.07.15"]
[Round "24"]
[White "Neyman, Igor"]
[Black "Bluebaum, Matthias"]
[Result "0-1"]
[WhiteElo "2316"]
[BlackElo "2672"]
[PlyCount "86"]
[EventDate "2023.07.15"]
[EventType "tourn (blitz)"]
[EventRounds "29"]
[EventCountry "GER"]
[SourceTitle "CBM 215 Extra"]
[Source "ChessBase"]
[SourceDate "2023.09.30"]
[SourceVersion "1"]
[SourceVersionDate "2023.09.30"]
[SourceQuality "1"]

1. d4 d5 2. c4 e6 3. Nc3 Bb4 4. cxd5 exd5 5. Nf3 Nf6 6. Bg5 h6 7. Bxf6 Qxf6 8. a3 Bxc3+ 9. bxc3 0-0 10. e3 c5 11. Be2 Be6 12. 0-0 Nd7 13. a4 Rfc8 14. a5 Qd8 15. Qb3 Rab8 16. Rfb1 Nf6 17. Nd2 Qc7 18. h3 Bf5 19. Rb2 Qd8 20. Bf3 h5 21. Qa3 cxd4 22. cxd4 g5 23. Be2 g4 24. hxg4 hxg4 25. Bd3 Qd7 26. Nf1 Bxd3 27. Qxd3 Ne4 28. Nd2 Rc3 29. Qe2 Ng5 30. Nf1 Kg7 31. Rab1 Ne4 32. Nd2 Rh8 33. Nxe4 dxe4 34. Rxb7 Qe6 35. R7b5 Qg6 36. Re5 Ra3 37. d5 g3 38. fxg3 Qxg3 39. Rxe4 Qh2+ 40. Kf2 Rh6 41. Qf3 Rf6 42. Rf4 Ra2+ 43. Kf1 Qh1# 0-1

[Event "GER-ch Blitz"]
[Site "Viernheim"]
[Date "2023.07.15"]
[Round "23"]
[White "Wagner, Dennis"]
[Black "Neyman, Igor"]
[Result "1-0"]
[WhiteElo "2598"]
[BlackElo "2316"]
[PlyCount "69"]
[EventDate "2023.07.15"]
[EventType "tourn (blitz)"]
[EventRounds "29"]
[EventCountry "GER"]
[SourceTitle "CBM 215 Extra"]
[Source "ChessBase"]
[SourceDate "2023.09.30"]
[SourceVersion "1"]
[SourceVersionDate "2023.09.30"]
[SourceQuality "1"]

1. d4 d5 2. c4 c6 3. Nf3 e6 4. g3 dxc4 5. Bg2 b5 6. 0-0 Bb7 7. b3 cxb3 8. Qxb3 Nd7 9. Rd1 Ngf6 10. Nc3 Be7 11. Ne5 Qb6 12. Be3 Qa6 13. Nd3 0-0 14. a4 b4 15. Nxb4 Bxb4 16. Qxb4 Nd5 17. Nxd5 cxd5 18. Bf1 Qb6 19. Qe7 Qd8 20. Qb4 Ba6 21. Bf4 Nb6 22. a5 Nc4 23. e4 Qd7 24. exd5 exd5 25. Re1 Rfe8 26. Bg2 h6 27. h4 Rac8 28. Kh2 Qc6 29. Bh3 Rcd8 30. Rab1 Bc8 31. Bg2 Rxe1 32. Rxe1 Be6 33. Rb1 Nd6 34. Qc5 Qd7 35. a6 1-0

[Event "GER CupT"]
[Site "Germany"]
[Date "2023.01.29"]
[Round "2.2"]
[White "Neyman, Igor"]
[Black "Grawe, Christian"]
[Result "1/2-1/2"]
[WhiteElo "2362"]
[BlackElo "2278"]
[PlyCount "136"]
[EventDate "2023.01.28"]
[EventType "team-k.o."]
[EventRounds "4"]
[EventCountry "GER"]
[SourceTitle "EXT 2024"]
[Source "ChessBase"]
[SourceDate "2023.10.10"]
[SourceVersion "1"]
[SourceVersionDate "2023.10.10"]
[SourceQuality "1"]
[WhiteTeam "Stuttgart SF"]
[BlackTeam "Groebenzell"]
[WhiteTeamCountry "GER"]
[BlackTeamCountry "GER"]

1. d4 d5 2. Nf3 Nf6 3. c4 c6 4. e3 Bf5 5. Nc3 e6 6. Nh4 Bg6 7. Qb3 Qb6 8. Nxg6 hxg6 9. Bd3 dxc4 10. Bxc4 Nbd7 11. Bd2 Be7 12. Qxb6 axb6 13. a3 b5 14. Ba2 Nb6 15. Rd1 b4 16. axb4 Bxb4 17. Bb3 0-0 18. Ke2 Rfd8 19. Ra1 Rxa1 20. Rxa1 Ra8 21. Rxa8+ Nxa8 22. f3 Nc7 23. e4 Kf8 24. Be3 Ke8 25. g4 Nd7 26. h3 Ba5 27. f4 b5 28. Bc2 Bb6 29. Bd3 Ke7 30. Kf3 f6 31. h4 Kf7 32. Ne2 Ba5 33. Nc3 Bb6 34. Na2 c5 35. dxc5 Bxc5 36. Bd2 Bd4 37. Ba5 Bb6 38. Bb4 Bc5 39. Bc3 Bb6 40. b3 Nc5 41. Bc2 Nd7 42. Nc1 Nb8 43. Ne2 Nc6 44. Bd3 Bc5 45. g5 Bb4 46. Bxb4 Nxb4 47. Ke3 Ke7 48. Nc3 Nxd3 49. Kxd3 Kd6 50. b4 f5 51. Kd4 fxe4 52. Nxe4+ Kc6 53. Nc3 Na6 54. Ke5 Nxb4 55. Kxe6 Nd3 56. f5 gxf5 57. Kxf5 b4 58. Nb1 Kd6 59. Kg6 Ne5+ 60. Kxg7 Nf3 61. h5 Nxg5 62. Nd2 Ke7 63. h6 Ne6+ 64. Kg8 Nf8 65. Kg7 Ne6+ 66. Kg8 Nf8 67. Nb3 Kf6 68. Kxf8 Kg6 1/2-1/2

[Event "GER CupT"]
[Site "Germany"]
[Date "2023.01.28"]
[Round "1.2"]
[White "Riehle, Marco"]
[Black "Neyman, Igor"]
[Result "1/2-1/2"]
[WhiteElo "2358"]
[BlackElo "2362"]
[PlyCount "79"]
[EventDate "2023.01.28"]
[EventType "team-k.o."]
[EventRounds "4"]
[EventCountry "GER"]
[SourceTitle "EXT 2024"]
[Source "ChessBase"]
[SourceDate "2023.10.10"]
[SourceVersion "1"]
[SourceVersionDate "2023.10.10"]
[SourceQuality "1"]
[WhiteTeam "Sasbach"]
[BlackTeam "Stuttgart SF"]
[WhiteTeamCountry "GER"]
[BlackTeamCountry "GER"]

1. e4 c5 2. Nf3 e6 3. d4 cxd4 4. Nxd4 Nf6 5. Bd3 Nc6 6. Nxc6 bxc6 7. 0-0 d5 8. exd5 exd5 9. c4 Be7 10. cxd5 cxd5 11. Be3 0-0 12. Nc3 Bb7 13. Bd4 Ne4 14. Qb3 Bc6 15. Rad1 Qa5 16. Rfe1 Bb4 17. Re3 Bxc3 18. Bxc3 Nxc3 19. Qxc3 Qxc3 20. bxc3 Rfe8 21. Rxe8+ Rxe8 22. f3 Rb8 23. Rb1 Rxb1+ 24. Bxb1 h6 25. Kf2 Kf8 26. Ke3 Ke7 27. Kd4 Kd6 28. Bd3 f6 29. f4 Bd7 30. Be2 g5 31. g3 gxf4 32. gxf4 Bh3 33. Ba6 Kc6 34. a3 Bg4 35. Bd3 Bf3 36. Bg6 Kd6 37. Be8 Bg2 38. Bh5 Bf1 39. Bd1 Bc4 40. Bg4 1/2-1/2

[Event "AUT-chT 2223"]
[Site "Austria"]
[Date "2022.11.06"]
[Round "4.6"]
[White "Neyman, Igor"]
[Black "Wohlfahrt, Herbert J"]
[Result "1/2-1/2"]
[WhiteElo "2366"]
[BlackElo "2318"]
[PlyCount "64"]
[EventDate "2022.11.03"]
[EventType "team-tourn"]
[EventRounds "11"]
[EventCountry "AUT"]
[SourceTitle "EXT 2024"]
[Source "ChessBase"]
[SourceDate "2023.10.10"]
[SourceVersion "1"]
[SourceVersionDate "2023.10.10"]
[SourceQuality "1"]
[WhiteTeam "Goetzis"]
[BlackTeam "Schach ohne Grenzen"]
[WhiteTeamCountry "AUT"]
[BlackTeamCountry "AUT"]

1. d4 Nf6 2. c4 a6 3. Nc3 c5 4. e3 e6 5. Nf3 d5 6. cxd5 exd5 7. Be2 Nc6 8. 0-0 Bd6 9. dxc5 Bxc5 10. Nd4 0-0 11. b3 Nxd4 12. exd4 Bb4 13. Bd2 Re8 14. Ne4 Nxe4 15. Bxb4 Qb6 16. Be1 Bd7 17. f3 Nd6 18. Bf2 Bb5 19. Re1 Bxe2 20. Rxe2 Rxe2 21. Qxe2 Re8 22. Qd3 Qc6 23. a4 g6 24. g4 f6 25. Bg3 Nf7 26. Bf4 Rc8 27. Rc1 Qe6 28. Rxc8+ Qxc8 29. Qd2 Kg7 30. Qb4 Qd7 31. Qb6 Qc6 32. Qxc6 bxc6 1/2-1/2

[Event "Bodensee-Cup"]
[Site "Ueberlingen/Nussdorf"]
[Date "2021.10.17"]
[Round "3.7"]
[White "Schneider, Jana"]
[Black "Neyman, Igor"]
[Result "0-1"]
[WhiteElo "2294"]
[BlackElo "2321"]
[PlyCount "120"]
[EventDate "2021.10.15"]
[EventType "team-tourn"]
[EventRounds "3"]
[EventCountry "GER"]
[SourceTitle "EXT 2023"]
[Source "ChessBase"]
[SourceDate "2022.10.05"]
[SourceVersion "1"]
[SourceVersionDate "2022.10.05"]
[SourceQuality "1"]
[WhiteTeam "Bayern"]
[BlackTeam "Wuerttemberg"]
[WhiteTeamCountry "GER"]
[BlackTeamCountry "GER"]

1. e4 c5 2. Nf3 e6 3. d4 cxd4 4. Nxd4 Nf6 5. Nc3 Nc6 6. Ndb5 d6 7. Bf4 e5 8. Bg5 a6 9. Na3 b5 10. Nd5 Be7 11. Bxf6 Bxf6 12. c4 b4 13. Nc2 Rb8 14. Qf3 Bg5 15. Be2 a5 16. Rd1 a4 17. b3 axb3 18. axb3 Qa5 19. h4 Bd8 20. Qg3 0-0 21. Nde3 Qc7 22. Bg4 Be6 23. Bf5 Qe7 24. Qg4 Bb6 25. Nf1 Kh8 26. h5 Bxf5 27. Qxf5 Nd4 28. Nxd4 Bxd4 29. Ng3 Ra8 30. Qf3 g6 31. Qe2 Qg5 32. 0-0 f5 33. hxg6 hxg6 34. exf5 gxf5 35. Rd3 Ra7 36. Qd2 Qxd2 37. Rxd2 Kg7 38. Ne2 Bc5 39. g3 Kf6 40. Kg2 Rh8 41. Rfd1 Ke6 42. Nc1 e4 43. Ne2 Rah7 44. Nd4+ Kf6 45. Kf1 Rh1+ 46. Ke2 Rxd1 47. Rxd1 Ra8 48. Rd2 Ra3 49. Ke1 Ra1+ 50. Ke2 Rb1 51. f3 Rh1 52. Nc2 Rh2+ 53. Ke1 Rxd2 54. Kxd2 exf3 55. Ne3 Kg5 56. Nf1 Kg4 57. Ke1 Kh3 58. Kd2 Kg2 59. Ke1 Bd4 60. Nd2 Bc3 0-1